Countries starting with A - Statistics

General Stats
  • This quiz has been taken 11 times
  • The average score is 7 of 14
Answer Stats
Answer % Correct
Algeria
80%
Angola
80%
Albania
70%
Andorra
70%
Australia
70%
Afghanistan
60%
Austria
60%
Armenia
50%
Antigua and barbuda
40%
Argentina
40%
Antarctica
30%
Aruba
30%
Anguilla
10%
Azerbijan
10%
No matching quizzes found
Score Distribution
Percent of People with Each Score
Percentile by Number Answered
Your Score History
You have not taken this quiz